Fish Immunology. (Record no. 854)
[ view plain ]
| 000 -LEADER | |
|---|---|
| fixed length control field | 00725nam a22002417a 4500 |
| 008 - FIXED-LENGTH DATA ELEMENTS--GENERAL INFORMATION | |
| fixed length control field | 131119b xxu||||| |||| 00| 0 eng d |
| 020 ## - INTERNATIONAL STANDARD BOOK NUMBER | |
| International Standard Book Number | 0-444-42667-1 |
| 024 ## - OTHER STANDARD IDENTIFIER | |
| Terms of availability | Available |
| 037 ## - SOURCE OF ACQUISITION | |
| Terms of availability | Available |
| 040 ## - CATALOGING SOURCE | |
| Original cataloging agency | MBSTU LBIRARY |
| Modifying agency | MBSTU LBIRARY |
| 082 ## - DEWEY DECIMAL CLASSIFICATION NUMBER | |
| Edition number | 22 |
| Classification number | 597.029 FIS |
| 100 ## - MAIN ENTRY--PERSONAL NAME | |
| Personal name | Joanne S. Stalen ----[etal] |
| 245 ## - TITLE STATEMENT | |
| Title | Fish Immunology. |
| 260 ## - PUBLICATION, DISTRIBUTION, ETC. (IMPRINT) | |
| Place of publication, distribution, etc. | New York |
| Name of publisher, distributor, etc. | Elsevier Amsterdam. |
| Date of publication, distribution, etc. | 1986 |
| 300 ## - PHYSICAL DESCRIPTION | |
| Extent | 25 cm. |
| Other physical details | 443 page |
| Type of unit | 1 |
| Size of unit | 25 cm. |
| 600 ## - SUBJECT ADDED ENTRY--PERSONAL NAME | |
| Source of heading or term | Fish- Immunology. |
| 650 ## - SUBJECT ADDED ENTRY--TOPICAL TERM | |
| Source of heading or term | Fish- Immunology. |
| 700 ## - ADDED ENTRY--PERSONAL NAME | |
| Personal name | Joanne S. Stalen ---[etal] |
| 270 ## - ADDRESS | |
| Address | New York. |
| City | New York. |
| Country | USA |
| 365 ## - TRADE PRICE | |
| Price amount | 9318.00 |
| Unit of pricing | 9318.00 |
| 942 ## - ADDED ENTRY ELEMENTS (KOHA) | |
| Source of classification or shelving scheme | |
| Koha item type | Books |
No items available.
